000 00593nam a2200205Ia 4500
005 20250923144957.0
008 008 250917s9999 xx 000 0 eng d
037 _aTextual
040 _aDSWL
_beng
_cDSWL
041 _aeng
_2eng
084 _aY115:1.937.N4, K2
_qDSWL
100 _aSimpson, Helen M.
_9830490
245 4 _aThe women of New Zealand
_cby Helen M. Simpson
260 _aLondon
_bGeorge Allen & Unwin Ltd.
_c1962
300 _aIX,205 p.
365 _aINR
_b21
925 _g21
942 _cTEXL
_hY115:1.937.N4, K2
999 _c1445611
_d1445611